Nut or Seed? Quiz Stats

 Plays Quiz Updated Nov 17, 2017

Challenge
Share
Tweet
Embed
Score 0/32 Timer 03:00
11 Plays Today
Hint Nut (N) or Seed (S) % Correct
Sesame???
83.2%
Poppy???
83.1%
Sunflower???
82.5%
Flax???
81%
Pumpkin???
80.7%
Chia???
79.7%
Quinoa???
78%
Buckwheat???
76.4%
Pecan???
73.1%
Hazel Nut???
72.1%
Soybean???
71.3%
Lotus???
70.9%
Chickpea???
67.6%
Cowpea???
67.3%
Lupin???
64.6%
Sweet Chestnut???
64.2%
Hint Nut (N) or Seed (S) % Correct
Acorn???
61.6%
Pitseed Goosefoot???
61.3%
Coffee Bean???
61%
Beech???
58.4%
Hanza???
55.9%
CaƱihua???
52.9%
Breadnut???
43.4%
Pine Nut???
42.2%
Alder???
41.8%
Hornbeam???
39.1%
Peanut???
38.5%
Horse Chestnut???
28.4%
Cashew???
25.7%
Brazil Nut???
24.1%
Pistachio???
23.7%
Almond???
22.6%

You're not logged in!

Compare scores with friends on all Sporcle quizzes.
OR
Log In

You Might Also Like...

Show Comments

Extras

Top Quizzes Today


Score Distribution

Your Account Isn't Verified!

In order to create a playlist on Sporcle, you need to verify the email address you used during registration. Go to your Sporcle Settings to finish the process.

Report this User

Report this user for behavior that violates our Community Guidelines.

Details: